Testing mood-activated psychological markers for suicidal ideation / (Record no. 361841)
[ view plain ]
| 000 -LEADER | |
|---|---|
| fixed length control field | 00720nam a2200181Ia 4500 |
| 008 - FIXED-LENGTH DATA ELEMENTS--GENERAL INFORMATION | |
| fixed length control field | 190511s9999 xx 000 0 und d |
| 100 ## - MAIN ENTRY--PERSONAL NAME | |
| Personal name | Cha, Christine B. |
| 245 ## - TITLE STATEMENT | |
| Title | Testing mood-activated psychological markers for suicidal ideation / |
| 245 ## - TITLE STATEMENT | |
| Statement of responsibility, etc | Christine B. Cha, Rory C. O' Connor, Olivia Kirtley, Seonaid Cleare, Karen Wetherall, Sarah Eschle, Katherine M. Tezanos, and Matthew K. Nock.-- |
| 260 ## - PUBLICATION, DISTRIBUTION, ETC. (IMPRINT) | |
| Name of publisher, distributor, etc | American Psychological Association |
| 260 ## - PUBLICATION, DISTRIBUTION, ETC. (IMPRINT) | |
| Date of publication, distribution, etc | 2018 |
| 300 ## - PHYSICAL DESCRIPTION | |
| Extent | Pages 448-457, July 2018 |
| 440 ## - SERIES STATEMENT/ADDED ENTRY--TITLE | |
| Title | Journal of Abnormal Psychology |
| Volume number/sequential designation | 127(5) |
| 650 ## - SUBJECT ADDED ENTRY--TOPICAL TERM | |
| Topical term or geographic name as entry element | Differential activation theory |
| 650 ## - SUBJECT ADDED ENTRY--TOPICAL TERM | |
| Topical term or geographic name as entry element | Emotional stroop |
| 650 ## - SUBJECT ADDED ENTRY--TOPICAL TERM | |
| Topical term or geographic name as entry element | Implicit Association Test (IAT) |
| 650 ## - SUBJECT ADDED ENTRY--TOPICAL TERM | |
| Topical term or geographic name as entry element | Suicidal ideation |
| Withdrawn status | Lost status | Damaged status | Home library | Current library | Date acquired | Total Checkouts | Date last seen | Price effective from | Koha item type |
|---|---|---|---|---|---|---|---|---|---|
| College Library | College Library | 05/11/2019 | 05/11/2019 | 05/11/2019 | Periodicals |